| 000 | 00603nam a22001817i 4500 | ||
|---|---|---|---|
| 001 | 3447 | ||
| 003 | OSt | ||
| 005 | 20170126082319.0 | ||
| 007 | tu | ||
| 008 | 161220s1996 xxu||||| |||| 00| 0 d | ||
| 024 | 7 |
_a3446 _2RID |
|
| 040 | _cOSt | ||
| 084 |
_a10.332 _a15.80 _2z |
||
| 245 | 0 | 0 |
_aTransport Infrastructure Projects in Eastern Europe - Opportunities for Profitable Investment: Bulgaria, Czech Republic, Hungary, Poland, Romania, Slovakia. Documentation _bThe 1996 International Conference, Vienna, March 1996 |
| 260 |
_aWien, _c1996. |
||
| 300 |
_aca.200 S. ; _c30cm. |
||
| 110 | 2 |
_aAdam Smith Institute _eEd. |
|
| 942 | _cB | ||
| 999 |
_c3397 _d3397 |
||